Cargando...
Denis directory of university books and book sellers /
| Formato: | Printed Book |
|---|---|
| Lenguaje: | English |
| Publicado: |
Daulat Publications,
1972.
|
| LEADER | 00336nam a2200097Ia 4500 | ||
|---|---|---|---|
| 008 | 150624b xxu||||| |||| 00| 0 eng d | ||
| 245 | |a Denis directory of university books and book sellers / | ||
| 260 | |b Daulat Publications, |c 1972. | ||
| 942 | |c BK | ||
| 999 | |c 6573 |d 6573 | ||
| 952 | |0 1 |1 0 |4 0 |7 0 |9 6572 |a UL |b UL |c ST1 |d 1998-08-27 |l 0 |p 10635 |r 2012-10-27 |w 2012-10-27 |y BK | ||